Solomon Grundy - Portrayals by Picture - Statistics

General Stats
  • This quiz has been taken 6 times
  • The average score is 6 of 24
Answer Stats
Picture Answer % Correct
Fred Tatasciore
67%
Fred Tatasciore
67%
Fred Tatasciore
67%
Fred Tatasciore
67%
Fred Tatasciore
67%
Fred Tatasciore
67%
Fred Tatasciore
67%
Fred Tatasciore
67%
Diedrich Bader
33%
Drew Powell
33%
Fred Tatasciore
33%
Corey Burton
0%
David Forseth
0%
David Jennison
0%
Graham Shiels
0%
Jimmy Wheldon
0%
John DeSantis
0%
Keith Ferguson
0%
Kevin Grevioux
0%
Kevin Michael Richardson
0%
Mark Hamill / Bruce Timm
0%
Mickey Morton
0%
Rick D. Wasserman
0%
Steve Blum
0%
No matching quizzes found
Score Distribution
Percent of People with Each Score
Percentile by Number Answered
Your Score History
You have not taken this quiz